Слепой Ангел: роман

書目詳細資料
主要作者: Казанцев Александр
其他作者: Богдан Александр
總結:Новый роман Александра Казанцева и Александра Богдана "Слепой ангел" представляет собой вторую часть трилогии "Агония века". По месту действия, времени и некоторым героям он перекликается с предыдущим романом "Месть Шамана", не являясь вовсе его продолжением. Все события в новом остросюжетном и психологическом романе происходят в основном в провинциальном Сибирске, в котором читатели могут узнать какой-либо реальный город. Однако любые аналогии с реальными событиями и личностями, вновь предупреждают авторы, неправомочны, поскольку в основе сюжета - авторский вымысел.
語言:俄语
出版: Томск, Изд-во Томского ЦНТИ, 2001
主題:
格式: MixedMaterials 圖書
KOHA link:https://koha.lib.tpu.ru/cgi-bin/koha/opac-detail.pl?biblionumber=30530

MARC

LEADER 00000nam0a2200000 4500
001 30530
005 20231101205959.0
010 |a 5897020434 
035 |a (RuTPU)RU\TPU\book\30800 
035 |a BOOK00030877 
090 |a 30530 
100 |a 20011209d2001 m y0rusy50 ca 
101 0 |a rus 
102 |a RU 
105 |a  000ay 
200 1 |a Слепой Ангел  |e роман  |f А. Казанцев, А. Богдан 
210 |a Томск  |c Изд-во Томского ЦНТИ  |d 2001 
215 |a 258 с. 
330 |a Новый роман Александра Казанцева и Александра Богдана "Слепой ангел" представляет собой вторую часть трилогии "Агония века". По месту действия, времени и некоторым героям он перекликается с предыдущим романом "Месть Шамана", не являясь вовсе его продолжением. Все события в новом остросюжетном и психологическом романе происходят в основном в провинциальном Сибирске, в котором читатели могут узнать какой-либо реальный город. Однако любые аналогии с реальными событиями и личностями, вновь предупреждают авторы, неправомочны, поскольку в основе сюжета - авторский вымысел. 
606 1 |a Русская литература современная  |2 stltpush  |3 (RuTPU)RU\TPU\subj\26373  |9 50316 
610 1 |a романы 
610 1 |a проза 
675 |a Р2  |v 3 
700 1 |a Казанцев  |g Александр 
701 1 |a Богдан  |g Александр 
801 0 |a RU  |b 63413507  |c 20011209  |g PSBO 
801 2 |a RU  |b 63413507  |c 20221118  |g RCR 
942 |c BK